[Event "Wch U26 (Women)"]
[Site "Rotterdam"]
[Date "1998.08.19"]
[Round "8"]
[White "Kiefhaber, Veronika"]
[Black "Davoudifar, Pantea"]
[Result "1-0"]
[WhiteElo "2245"]
[BlackElo "2125"]
[PlyCount "71"]
[EventDate "1998.08.??"]
[EventType "swiss"]
[EventRounds "9"]
[EventCountry "NED"]
[SourceTitle "EXT 1999"]
[Source "ChessBase"]
[SourceDate "1998.11.16"]
[SourceVersion "1"]
[SourceVersionDate "1998.11.16"]
[SourceQuality "1"]

1. e4 c5 2. c3 d5 3. exd5 Qxd5 4. d4 Nf6 5. Nf3 Bg4 6. Be2 e6 7. 0-0 cxd4 8. cxd4 Be7 9. h3 Bh5 10. Nc3 Qd8 11. Qb3 b6 12. Rd1 Nbd7 13. d5 exd5 14. Nxd5 0-0 15. Nxf6+ Bxf6 16. Qb5 Qc7 17. Rxd7 Qc2 18. Rd2 Qg6 19. Bd3 Qh6 20. Rc2 Bg5 21. Nxg5 Qd6 22. Be3 Rfd8 23. Bxh7+ Kh8 24. Be4 Rab8 25. Nf3 g6 26. Ng5 Kg7 27. Rac1 Rd7 28. Rd2 Qxd2 29. Bxd2 Rxd2 30. Qe5+ Kh6 31. Nxf7+ Kh7 32. Qxb8 Kg7 33. Qe5+ Kxf7 34. Rc7+ Rd7 35. Rxd7+ Kf8 36. Qh8# 1-0

[Event "Wch U26 (Women)"]
[Site "Rotterdam"]
[Date "1998.08.13"]
[Round "3"]
[White "Lendvai, Edit"]
[Black "Davoudifar, Pantea"]
[Result "1-0"]
[WhiteElo "2140"]
[BlackElo "2125"]
[PlyCount "73"]
[EventDate "1998.08.??"]
[EventType "swiss"]
[EventRounds "9"]
[EventCountry "NED"]
[SourceTitle "EXT 1999"]
[Source "ChessBase"]
[SourceDate "1998.11.16"]
[SourceVersion "1"]
[SourceVersionDate "1998.11.16"]
[SourceQuality "1"]

1. e4 c5 2. Nf3 d6 3. d4 cxd4 4. Nxd4 Nf6 5. Nc3 a6 6. f4 Qc7 7. Nf3 Nbd7 8. Bd3 g6 9. 0-0 Bg7 10. h3 0-0 11. Be3 e6 12. Qd2 e5 13. fxe5 dxe5 14. a4 Nc5 15. Bh6 Nxd3 16. cxd3 Be6 17. Qg5 Nd7 18. Bxg7 Kxg7 19. Kh1 f6 20. Qe3 Qd6 21. d4 exd4 22. Nxd4 Bg8 23. Rfd1 Qe7 24. Qg3 Kh8 25. Qc7 Qb4 26. Nd5 Bxd5 27. exd5 Ne5 28. Ne6 Rf7 29. Qc3 Qd6 30. Rac1 h6 31. b4 Re7 32. Qc5 Rxe6 33. dxe6 Qxe6 34. Qd6 Qf5 35. Rf1 Qg5 36. Rc7 Rg8 37. Qe7 1-0